Stavebno-technologický projekt na stavbu: Bytový dom Gercenova II. etapa Bratislava
Enregistré dans:
| Auteur principal: | |
|---|---|
| Autres auteurs: | |
| Format: | Manuscrit Livre |
| Langue: | slovaque |
| Publié: |
2015
|
| Sujets: | |
| Accès en ligne: | http://is.stuba.sk/zp/portal_zp.pl?podrobnosti=116516 https://opac.crzp.sk/?fn=detailBiblioForm&sid=E75B5E22D326BA6A9EAB9ACFFF20 |
| Tags: |
Pas de tags, Soyez le premier à ajouter un tag!
|
MARC
| LEADER | 00000ntm a22000003a 4500 | ||
|---|---|---|---|
| 001 | stuzp51894 | ||
| 003 | SK-STU | ||
| 005 | 20231113143027.7 | ||
| 007 | ta | ||
| 008 | 150427s2015----xo-----f-mn---000-0-slo-d | ||
| 040 | |a STU |b slo | ||
| 041 | 0 | |a slo | |
| 100 | 1 | |a Süttiová, Agneša |u 010270 |4 aut |U SvF Stavebná fakulta |T SvF Katedra technológie stavieb |X 59311 |U V270 |Y 28 |7 A000059311 | |
| 242 | 0 | 1 | |a Construction-technological implementation project: Apartment building Gercenova II.stage |y eng |
| 245 | 1 | 0 | |a Stavebno-technologický projekt na stavbu: Bytový dom Gercenova II. etapa Bratislava |
| 260 | |c 2015 | ||
| 650 | 4 | |a zariadenia staveniska |2 slo | |
| 650 | 4 | |a časový plán |2 slo | |
| 650 | 4 | |a vnútorné obklady |2 slo | |
| 650 | 4 | |a construction schedule |2 eng | |
| 650 | 4 | |a inner ceramic tiles |2 eng | |
| 650 | 4 | |a building site organization |2 eng | |
| 700 | 1 | |a Gašparík, Jozef |4 ths |X 2737 |7 A000002737 | |
| 856 | 4 | |u http://is.stuba.sk/zp/portal_zp.pl?podrobnosti=116516 | |
| 856 | 4 | |u https://opac.crzp.sk/?fn=detailBiblioForm&sid=E75B5E22D326BA6A9EAB9ACFFF20 | |
| SQL | |a stuzp51894 |b DDP |c SLO |d Stavebno-technologický projekt na stavbu: Bytový dom Gercenova II. etapa Bratislava |e 59311 |f Süttiová, Agneša |g 010270 |h 2737 |i Gašparík, Jozef |j 20150617 |k 681 |l 01 |m http://is.stuba.sk/zp/portal_zp.pl?podrobnosti=116516 |n I-TS |o 5.2.8. stavebníctvo | ||